书目信息 |
| 题名: |
雄关漫道从头越
|
|
| 作者: | 孙祁祥 主编 | |
| 分册: | ||
| 出版信息: | 北京 北京大学出版社 2018 |
|
| 页数: | 287页 | |
| 开本: | 24cm | |
| 丛书名: | 北大经院论丛 | |
| 单 册: | ||
| 中图分类: | F121-53 , F121 | |
| 科图分类: | ||
| 主题词: | 中国经济--zhong guo jing ji--经济体制改革--文集 | |
| 电子资源: | ||
| ISBN: | 978-7-301-29757-5 | |
| 000 | 00763nam 2200253 450 | |
| 001 | 1971722976 | |
| 005 | 20180918134317.9 | |
| 010 | @a978-7-301-29757-5@dCNY 58.00 | |
| 099 | @aCAL 012018114066 | |
| 100 | @a20170304d2018 em y0chiy50 ea | |
| 101 | 0 | @achi |
| 102 | @aCN@b110000 | |
| 105 | @ay z 000yy | |
| 200 | 1 | @a雄关漫道从头越@Axiong guan man dao cong tou yue@f孙祁祥主编 |
| 210 | @a北京@c北京大学出版社@d2018 | |
| 215 | @a287页@d24cm | |
| 225 | 2 | @a北大经院论丛@Abei da jing yuan lun cong@h第五辑 |
| 410 | 0 | @12001 @a北大经院论丛@h第五辑 |
| 606 | 0 | @a中国经济@Azhong guo jing ji@x经济体制改革@j文集 |
| 690 | @aF121-53@v5 | |
| 690 | @aF121@v4 | |
| 701 | 0 | @a孙祁祥@Asun qi xiang@4主编 |
| 801 | 0 | @aCN@bPUL@c20180918 |
| 905 | @aBZT@dF121@e12 | |
| 雄关漫道从头越/孙祁祥主编.-北京:北京大学出版社,2018 |
| 287页;24cm.-(北大经院论丛.第五辑) |
| ISBN 978-7-301-29757-5:CNY 58.00 |
| ● |
| 相关链接 |
|
|
|
正题名:雄关漫道从头越
索取号:F121/12
 
预约/预借
| 序号 | 登录号 | 条形码 | 馆藏地/架位号 | 状态 | 备注 |
| 1 | 866023 | 2000866023 | 第二书库/ [索取号:F121/12] | 在馆 | |
| 2 | 866024 | 2000866024 | 第二书库/ [索取号:F121/12] | 在馆 | |
| 3 | 866025 | 2000866025 | 第二书库/ [索取号:F121/12] | 在馆 |